Statistics for sea girls songs

Click here to take the quiz!

General Stats

  • This quiz has been taken 51 times
  • The average score is 29 of 47

Answer Stats

Answer% Correct
hometown
92%
adored
88%
daisy daisy
88%
call me out
83%
violet
83%
DNA
79%
lonely
79%
paracetamol blues
79%
falling apart
75%
sick
75%
transplant
75%
again again
71%
damage done
71%
do you really wanna know?
71%
favourite colour
71%
friends
71%
higher
71%
closer
67%
lost
67%
lucky
67%
open up your head
67%
sleeping with you
67%
what you eat
67%
you over anyone
67%
all i want to hear you say
63%
eat me whole
63%
heavenly war
63%
lie to me
63%
timeless
63%
too much fun
63%
ready for more
58%
someone's daughter someone's son
58%
why won't you admit
58%
accident waiting to happen
54%
what for
54%
cute guys
46%
moving on
46%
weight in gold
46%
forever
42%
i got you
42%
nothing breaks like a heart
42%
shake
42%
soldier on
42%
this is the end
42%
watch your step
38%
call me out acoustic
17%
sick acoustic
13%

Score Distribution

Percentile by Number Answered

Percent of People with Each Score

Your Score History

You have not taken this quiz